000 00661nam a2200217Ia 4500
008 191130s2009##################000#0#eng##
020 _a9780230524798
022 _a2009499303
040 _aACL
_cACL
082 _a658 HAN
245 _aThe management of everyday life
_cedited by Philip Hancock, Melissa Tyler
260 _aBasingstoke, Hampshire
_bPalgrave Macmillan
_c2009
300 _axix, 227 p. : ill. ; 23 cm.
500 _aIncludes bibliographical references and indexes
650 _aManagement
700 _aHancock, Philip
700 _aTyler, Melissa
990 _a6638b79dac10000c4cd917bf39f86a12
991 _a179854
999 _c58103
_d58103